Co to za logo? #3 - Statystyki

Ogólne statystyki
  • Ten quiz został rozwiązany 14 678 razy
  • Średni wynik to 12 z 20
Statystyki odpowiedzi
Obrazkowy Odpowiedź % Poprawnych
Instagram
99%
McDonald's
95%
Gmail
93%
LG
92%
T-Mobile
92%
Motorola
86%
Knorr
82%
Mastercard
80%
SEAT
77%
Lacoste
71%
Bic
62%
Chanel
59%
Wendy's
52%
Kodak
35%
Converse
34%
Lufthansa
30%
Gatorade
25%
Bacardi
17%
Tide
10%
Barclays
9%
Nie znaleziono quizów pasujących do podanych kryteriów
Rozkład punktacji
Procent ludzi z każdym wynikiem
Percentyl według liczby udzielonych odpowiedzi
Twoja historia wyników
Nie rozwiązałeś tego quizu